000 00890cam a2200217 4500
001 WS106550
008 000000n 000 0 eng u
035 _a(Sirsi) u106550
110 _aEnglish Nature
_93309
245 _aEnglish Nature
520 _aWeb site for this organisation which is the statutory service responsible for looking after England's wild plants, animals and natural features. It includes details of its inquiry service, National Nature Reserves and biodiversity action plans.
650 _aNATIONAL NATURE RESERVES
650 0 _aBIODIVERSITY ACTION PLANS
650 _aLOCAL NATURE RESERVES
650 0 _aHEATHLAND
650 _aEnvironment
_96238
650 _aSPECIAL AREAS OF CONSERVATION
690 _aRURAL-NATURE CONSERVATION
856 4 0 _uhttps://www.english-nature.org.uk
_zView the website free of charge at www.english-nature.org.uk...
942 _n0
999 _c119488
_d119488